000 00252nam a22000977a 4500
008 221128b |||||||| |||| 00| 0 eng d
020 _a9789389823974
100 _aKibuishi Kazu
_97631
245 _aAmulet-7 ( FireLight)
260 _aIndia
_bScholastic
_c2022
999 _c12160
_d12160